000 00324nam a2200157Ia 4500
100 _aAruldhas/G
650 _aPhysics
942 _cBK
366 _f20
245 _aEngineering physics
260 _bPrentice Hall of India
_c2010
082 _a530
_bARU
300 _a389
546 _aENGLISH
_cComputers
999 _c23613
_d23613